Estado en crisis (II)

Na minha lista:
Detalhes bibliográficos
Formato: Texto
Assuntos:
Tags: Adicionar Tag
Sem tags, seja o primeiro a adicionar uma tag!

MARC

LEADER 00000 a a2200000 04500
001 6795
003
040
245 |a Estado en crisis (II)  
650 |a ADMINISTRACION DE LA JUSTICIA  
650 |a CORRUPCION  
650 |a EL SALVADOR  
773 |g volumen 27, número 1217; páginas 11-12  
999 |c 23041  |d 23041